Harry Potter Movie Picture Quiz - Spells #2 (multiple choice) - Statistics

General Stats
  • This quiz has been taken 44 times
  • The average score is 13 of 15
Answer Stats
Question Answer % Correct
Oculus Reparo
100%
Wingardium Leviosa
100%
Lacarnum Inflamari
97%
Riddikulus
97%
Brackium Emendo
97%
Eye of rabbit, harp string hum, turn this water into rum
94%
Avada Kedavra
94%
Petrificus Totalus
94%
Sunshine, daisies, butter mellow, turn this stupid, fat rat yellow
94%
Episkey
87%
Bombarda Maxima
84%
Periculum
77%
Oppugno
74%
Stupefy
71%
Finite
58%
No matching quizzes found
Score Distribution
Percent of People with Each Score
Percentile by Number Answered
Your Score History
You have not taken this quiz